Acta academica karviniensia [recenzovaný vědecký časopis Slezské univerzity v Opavě]

Guardado en:
Detalles Bibliográficos
Formato: Seriadas
Lenguaje:checo
Publicado: Karviná Slezská univerzita v Opavě, Obchodně podnikatelská fakulta 2025
Etiquetas: Agregar Etiqueta
Sin Etiquetas, Sea el primero en etiquetar este registro!

MARC

LEADER 00000nas2a2200000 4500
001 0313819
005 20260107130357.2
022 |a 1212-415X 
041 0 |a cze 
044 |a CZ 
245 1 0 |a Acta academica karviniensia  |b [recenzovaný vědecký časopis Slezské univerzity v Opavě] 
264 1 |a Karviná  |b Slezská univerzita v Opavě, Obchodně podnikatelská fakulta  |c 2025 
773 0 |w eu_un_cat*s124281